|
|
|
|
| LEADER |
00000cam a2200000 a 4500 |
| 001 |
vtls011887335 |
| 003 |
SK-MaSNL |
| 005 |
20260301101810.0 |
| 008 |
210624s1956 xo odabf np 000 0 slo |
| 015 |
|
|
|a SNBA1957
|
| 020 |
|
|
|q (viazané)
|
| 035 |
|
|
|a urn:nbn:sk:snk-am00dss5
|
| 035 |
|
|
|a urn:nbn:sk:snk-am3i7iy
|
| 035 |
|
|
|a 69162F1A-1E61-47DE-A03B-65268F8950C8
|
| 040 |
|
|
|a SNK
|b slo
|c SNK
|e AACR2
|
| 041 |
0 |
|
|a slo
|
| 044 |
|
|
|a xo
|c SK
|
| 072 |
|
7 |
|a 633
|x Rastlinná výroba
|2 konspekt
|
| 072 |
|
7 |
|a 37.016
|x Učebné osnovy. Vyučovacie predmety. Učebnice
|2 konspekt
|
| 080 |
|
|
|a 633
|2 2011
|
| 080 |
|
|
|a (075)
|2 2011
|
| 100 |
1 |
|
|a Ďurina, Štefan,
|d 1915-1997
|4 aut
|9 49177
|
| 245 |
1 |
0 |
|a Základné otázky rastlinnej výroby
|c Štefan Ďurina, Rudolf Kršiak, František Hroššo
|
| 260 |
|
|
|a Bratislava
|b Slovenské vydavateľstvo pôdohospodárskej literatúry
|c 1956
|
| 300 |
|
|
|a 494 strán
|b fotografie, grafy, ilustrácie, mapy, tabuľky
|c 24 cm
|
| 366 |
|
|
|e 2000 kusov
|
| 490 |
1 |
|
|a Ekonomika a plánovanie
|v zväzok 34
|
| 504 |
|
|
|a Bibliografia na strane 493-494
|
| 650 |
0 |
7 |
|a rastlinná výroba
|2 SNKPH
|9 2835
|
| 655 |
|
7 |
|a učebnice
|2 SNKPH
|9 22521
|
| 700 |
1 |
|
|a Kršiak, Rudolf,
|d 1919-
|4 aut
|9 5968
|
| 700 |
1 |
|
|a Hroššo, František,
|d 1918-1961
|4 aut
|9 48498
|
| 830 |
|
0 |
|a Ekonomika a plánovanie
|9 307593
|
| 958 |
|
|
|a TL
|
| 958 |
|
|
|a RK
|
| 958 |
|
|
|a NB
|
| 999 |
|
|
|c 690366
|d 692296
|
| 952 |
|
|
|a SNK
|b SNK
|y PREZ
|7 0
|p 17A0799213
|o snkSC 9508
|i snkKSP 753/57
|0 0
|1 0
|4 0
|d 2019-09-17
|f 1
|l 0
|r 2025-07-09 00:00:00
|w 2026-02-23
|